• 首页
  • 本馆介绍
  • 公告通知
  • 最新文献
  • 馆藏检索
  • 电子资源
  • 读者导购
  • 参考咨询
  • 我的图书馆
  • 登录
  • 详细信息显示
  • 放入我的书架
  • 预约/预借图书
  • 作者相关作品
  • 分类相关作品
  • 丛书相关作品
  • 出版社相关作品

书目信息

  • 表格格式
  • 工作单格式
  • 卡片格式
题名:
银杏
    
 
作者: 黄和平 , 黄鹏 , 栗进才 主编
分册:  
出版信息: 北京   化学工业出版社  2019
页数: 141页
开本: 24cm
丛书名:
单 册:
中图分类: S664.3 , R282.71
科图分类:
主题词: 银杏--yin xing--栽培技术 , 银杏--yin xing--药效--研究
电子资源:
ISBN: 978-7-122-34509-7
000 01414nam0 2200325 450
001 012001000080
005 20131104171231.0
010    @a978-7-122-34509-7@dCNY58.00
099    @aCAL 012019137870
100    @a20191022d2019 ekmy0chiy50 ea
101 0  @achi
102    @aCN@b110000
105    @aa a 000yy
106    @ar
200 1  @a银杏@Ayin xing@e栽培、药效研究与应用@f黄和平, 黄鹏, 栗进才主编
210    @a北京@c化学工业出版社@d2019
215    @a141页@c图@d24cm
320    @a有书目
330    @a本书以药用植物银杏为主线, 在简单介绍银杏文化的基础上, 重点阐述了银杏的栽培繁殖技术、银杏活性成分及提取分离技术, 以及银杏在中医中药、临床、食品、日化及保健品中的应用。本书可供从事银杏文化历史研究、银杏育种、栽培及加工的人员参考, 同时可供从事银杏医药、保健品、食品、日化产品开发的技术人员参考, 也可供对银杏感兴趣的大众阅读。
333    @a本书可供从事银杏文化历史研究、银杏育种、栽培及加工的人员使用, 同时可供从事银杏医药、保健品、食品、日化产品开发的技术人员参考, 也可供对银杏感兴趣的大众阅读
517 1  @a栽培、药效研究与应用@Azai pei yao xiao yan jiu yu ying yong
606 0  @a银杏@Ayin xing@x栽培技术
606 0  @a银杏@Ayin xing@x药效@x研究
690    @aS664.3@v5
690    @aR282.71@v5
701  0 @a黄和平@Ahuang he ping@4主编
701  0 @a黄鹏@Ahuang peng@4主编
701  0 @a栗进才@Ali jin cai@4主编
801  0 @aCN@b北京卓展文化@c20191020
905    @b1195284-7@dS664.3@e493@f4
    
    银杏:栽培、药效研究与应用/黄和平, 黄鹏, 栗进才主编.-北京:化学工业出版社,2019
    141页:图;24cm
    使用对象:本书可供从事银杏文化历史研究、银杏育种、栽培及加工的人员使用, 同时可供从事银杏医药、保健品、食品、日化产品开发的技术人员参考, 也可供对银杏感兴趣的大众阅读
    
    ISBN 978-7-122-34509-7:CNY58.00
    本书以药用植物银杏为主线, 在简单介绍银杏文化的基础上, 重点阐述了银杏的栽培繁殖技术、银杏活性成分及提取分离技术, 以及银杏在中医中药、临床、食品、日化及保健品中的应用。本书可供从事银杏文化历史研究、银杏育种、栽培及加工的人员参考, 同时可供从事银杏医药、保健品、食品、日化产品开发的技术人员参考, 也可供对银杏感兴趣的大众阅读。
●
相关链接 在E读中查询图书 在五车中查询图书 在当当中查询图书 在豆瓣中查询图书


正题名:银杏     索取号:S664.3/493         预约/预借

序号 登录号 条形码 馆藏地/架位号 状态 备注
1 1195284   211952840   第二样本阅览室/ [索取号:S664.3/493] 在馆    
2 1195285   211952859   第三借阅区/ [索取号:S664.3/493] 在馆    
3 1195286   211952868   第三借阅区/ [索取号:S664.3/493] 在馆    
4 1195287   211952877   第三借阅区/ [索取号:S664.3/493] 在馆    
唐山师范学院图书馆 欢迎您!
大连网信软件有限公司© 版权所有